Literatur der DDR

Αποθηκεύτηκε σε:
Λεπτομέρειες βιβλιογραφικής εγγραφής
Άλλοι συγγραφείς: Kroker, Michael Paul (Επιμελητής έκδοσης)
Μορφή: Βιβλίο
Γλώσσα:German
Δημοσίευση: Berlin : Langenscheidt, c1989
Σειρά:Literatur und Landeskunde ; ; 4
Θέματα:
Ετικέτες: Προσθήκη ετικέτας
Δεν υπάρχουν, Καταχωρήστε ετικέτα πρώτοι!

MARC

LEADER 00000nam a2200000 i 4500
001 1/104561
008 000315s1989 ger d
020 |a 3-468-49473-4 
035 |l 10058884 
040 |a GR-MY-UA  |b gre  |e aacr 
041 0 |a ger 
082 0 |a 830.8 
245 1 0 |a Literatur der DDR /  |c heraug. von Michael Paul Kroker 
260 |a Berlin :   |b Langenscheidt,   |c c1989 
300 |a 104 p. 
490 1 |a Literatur und Landeskunde  |v ; 4 
650 0 0 |a German literature  |z Germany (East) 
650 0 0 |a German literature  |y 20th century. 
650 0 0 |a German language  |x Readers. 
700 1 |a Kroker, Michael Paul.  |4 edt 
830 0 |a Literatur und Landeskunde ;  |v ; 4 
852 |a INST  |b RHODES  |e 20000315  |h 830.8 LIT  |p 005400009752  |q 005400009752  |t BK  |y 0 
901 |a BIBL4-2000-1 
909 |a Ρ  |b 024840 
922 |a 4ΕΛΗ  |b 199212  |c 2418 
970 |z 2000/03/15